Medicare reform : modernizing Medicare and merging parts A and B : hearing before the Subcommittee on Health of the Committee on Energy and Commerce, House of Representatives, One Hundred Seventh Congress, first session, June 14, 2001.

Bibliographic Details
Corporate Author: United States. Congress. House. Committee on Energy and Commerce. Subcommittee on Health
Format: Government Document Book
Language:English
Published: Washington : U.S. G.P.O. : 2001.
Subjects:
Online Access:Text version:
Adobe Acrobat Reader required

MARC

Tag First Indicator Second Indicator Subfields
LEADER 00000cam a2200000 a 4500
001 in00001641237
005 20220106093149.0
008 011015s2001 dcu b f000 0 eng c
010 |a  2001344228 
020 |a 0160660823 
035 |a (OCoLC)ocm48083574 
040 |a DGPO/DLC  |c GPO  |d DLC  |d FTC  |d GPO  |d MvI  |d UtOrBLW 
042 |a pcc 
043 |a n-us--- 
049 |a UDOC 
049 |a WWW 
050 0 0 |a KF27  |b .E553 2001g 
074 |a 1040-A 
074 |a 1040-A (online) 
074 |a 1040-B (MF) 
074 |a 1040-B (online) 
086 0 |a Y 4.C 73/8:107-40  |z Y 4.EN 2:107-40 
088 |a Serial no. 107-40 (United States. Congress. House. Committee on Energy and Commerce) 
110 1 |a United States.  |b Congress.  |b House.  |b Committee on Energy and Commerce.  |b Subcommittee on Health. 
245 1 0 |a Medicare reform :  |b modernizing Medicare and merging parts A and B : hearing before the Subcommittee on Health of the Committee on Energy and Commerce, House of Representatives, One Hundred Seventh Congress, first session, June 14, 2001. 
264 1 |a Washington :  |b U.S. G.P.O. :  |c 2001. 
264 2 |a Washington :  |b For sale by the Supt. of Docs., U.S. G.P.O., [Congressional Sales Office], 
300 |a iii, 67 pages ;  |c 24 cm. 
336 |a text  |b txt  |2 rdacontent 
337 |a unmediated  |b n  |2 rdamedia 
338 |a volume  |b nc  |2 rdacarrier 
500 |a Distributed to depository libraries in microfiche. 
500 |a Shipping list number: 2002-0004-P. 
500 |a Distributed to some depository libraries in microfiche. 
500 |a Shipping List #: 2002-0004-P 
500 |a Shipping List Date: 10/04/2001 
504 |a Includes bibliographical references. 
500 |a "Serial number 107-40." 
530 |a Also available via Internet from the GPO Access web site. Addresses as of 10/25/01: http://frwebgate.access.gpo.gov/cgi-bin/getdoc.cgi?dbname=107h̲ouseh̲earings&docid=f:73734.wais (text version), http://frwebgate.access.gpo.gov/cgi-bin/getdoc.cgi?dbname=107h̲ouseh̲earings&docid=f:73734.pdf (PDF version); current access is available via PURLS. 
650 0 |a Medicare. 
650 0 |a Health care reform  |z United States. 
650 0 |a Older people  |x Medical care  |z United States. 
856 4 1 |3 Text version:  |u https://purl.fdlp.gov/GPO/LPS15372  |t 0 
856 4 1 |3 PDF version:  |u https://purl.fdlp.gov/GPO/LPS15373  |z Adobe Acrobat Reader required  |t 0 
999 |a MARS 
999 f f |s d866461f-50cb-3df4-a402-b5703963f0a2  |i 55b5b16a-1e76-350f-bbcb-a3598177a2cf  |t 0 
952 f f |a Texas A&M University  |b College Station  |c Electronic Resources  |d Available Online  |t 0  |e Y 4.C 73/8:107-40  |h Superintendent of Documents classification 
998 f f |a Y 4.C 73/8:107-40  |t 0  |l Available Online